000 002560000a22000970004500
100 1 _aMagín Alvarez, Luis
245 1 0 _aEl Irak que pocos conocemos
300 _aVol. 46, Núm 198 (1991), Páginas 16-17
773 0 _tLa Biblia de las Américas
942 _cANA
999 _c51335
_d51335